000 00420nam a22001697a 4500
003 MPLRDC
005 20220104124300.0
008 210129b ||||| |||| 00| 0 eng d
082 _a544.31 JTYE
100 _a加藤洋二
245 _a结婚的医学
_c杨宏儒译
250 _a初版
260 _a
_b玉树图书出版有限公司
_c1994
300 _b
650 _a婚姻指导
942 _cBK
_o544.31 JTYE
999 _c18080
_d18070